[Event "Nichelino op"]
[Site "Nichelino"]
[Date "2008.10.04"]
[Round "5"]
[White "Guarneri, Joseph"]
[Black "Formento, Paolo"]
[Result "0-1"]
[WhiteElo "1907"]
[BlackElo "1794"]
[PlyCount "72"]
[EventDate "2008.10.02"]
[EventType "swiss"]
[EventRounds "6"]
[EventCountry "ITA"]
[SourceTitle "CBM 126 Extra"]
[Source "ChessBase"]
[SourceDate "2008.11.05"]
[SourceVersion "1"]
[SourceVersionDate "2008.11.05"]
[SourceQuality "1"]

1. e4 c5 2. Nc3 Nc6 3. g3 d6 4. Bg2 Nf6 5. d3 e6 6. Be3 Be7 7. h3 0-0 8. Nge2 d5 9. Bg5 d4 10. Nb1 e5 11. g4 Be6 12. Ng3 Ne8 13. Bd2 c4 14. 0-0 Qb6 15. b3 cxd3 16. cxd3 Qb5 17. Nf5 Qxd3 18. Nxe7+ Nxe7 19. Bb4 Qxd1 20. Rxd1 Nc6 21. Bxf8 Kxf8 22. Na3 Nb4 23. Bf1 Nxa2 24. Bc4 Nc3 25. Re1 Nd6 26. f3 Bxc4 27. Nxc4 Nxc4 28. bxc4 a5 29. Kf2 a4 30. Ra3 Rc8 31. f4 Rxc4 32. fxe5 b5 33. Rf1 Ke7 34. Kf3 b4 35. Raa1 b3 36. Rf2 Rb4 0-1

[Event "Nichelino op"]
[Site "Nichelino"]
[Date "2008.10.02"]
[Round "1"]
[White "Guarneri, Joseph"]
[Black "Gallucci, Alessio"]
[Result "0-1"]
[WhiteElo "1907"]
[BlackElo "2197"]
[PlyCount "77"]
[EventDate "2008.10.02"]
[EventType "swiss"]
[EventRounds "6"]
[EventCountry "ITA"]
[SourceTitle "CBM 126 Extra"]
[Source "ChessBase"]
[SourceDate "2008.11.05"]
[SourceVersion "1"]
[SourceVersionDate "2008.11.05"]
[SourceQuality "1"]

1. e4 c5 2. Nc3 Nc6 3. g3 g6 4. Bg2 Bg7 5. d3 e6 6. Be3 d6 7. Qd2 Nge7 8. Nge2 Nd4 9. 0-0 0-0 10. Nd1 Rb8 11. c3 Nxe2+ 12. Qxe2 b6 13. d4 Bb7 14. Re1 Re8 15. Qd2 Nc6 16. b4 cxb4 17. cxb4 Ne7 18. Nc3 Qd7 19. b5 f5 20. Bg5 Kh8 21. Bxe7 Rxe7 22. Rad1 Rc8 23. a4 Rc4 24. Qe3 Qc8 25. Rd3 Rec7 26. exf5 Bxg2 27. Kxg2 Rxc3 28. fxe6 Rxd3 29. Qxd3 d5 30. Qf3 Qd8 31. Qf4 Re7 32. Qc1 Bxd4 33. Qc6 Bf6 34. Rc1 d4 35. Qc8 Re8 36. Qb7 Qa8 37. Qc6 Rc8 38. Qxa8 Rxa8 39. Rc6 0-1